| 000 | 01439cam a22002895a 4500 | ||
|---|---|---|---|
| 001 | 17689273 | ||
| 005 | 20150615093742.0 | ||
| 008 | 130408r20131986nyua 000 0 eng | ||
| 020 | _a9780486491066 (pbk.) | ||
| 020 | _a0486491064 () | ||
| 040 |
_aDLC _beng _cDLC _dEG-ScBUE |
||
| 050 | 0 | 0 |
_aNC730 _b.J23 2013 |
| 082 | 0 | 4 |
_a741.2 _222 _bJAC |
| 100 | 1 | _aJacobs, Ted Seth. | |
| 240 | 1 | 0 | _aDrawing with an open mind |
| 245 | 1 | 0 |
_aDrawing what the eye sees / _cTed Seth Jacobs. |
| 260 |
_aMieola, New York : _bDover, _c2013. |
||
| 300 |
_a127 pages : _billustrations (some color) ; _c28 cm |
||
| 500 | _a"This Dover edition, first published in 2013, is an unabridged republication of the work originally published by Watson-Guptill Publications, New York, in 1986 under the title Drawing with an Open Mind: Reflections from a Drawing Teacher." | ||
| 520 | _a" Heralded as a revolutionary right-brain approach to figure drawing, this guide focuses on mentality rather than technique. The author presents personal reflections and advice on drawing what the eye sees instead of what the mind dictates. More than 180 black-and-white drawings and eight pages of color illustrations reinforce such concepts as light, balance, and symmetry"-- | ||
| 650 | 0 |
_aDrawing _xTechnique. _2BUEsh |
|
| 650 | 7 |
_aART / Techniques / Drawing. _2bisacsh |
|
| 651 | _2BUEsh | ||
| 653 |
_bCOMAME _cJune2015 |
||
| 655 |
_vreading book _934232 |
||
| 942 | _2ddc | ||
| 999 |
_c19644 _d19616 |
||